| 000 | 00439 a2200169 4500 | ||
|---|---|---|---|
| 001 | 156359 | ||
| 020 | _a9788524918933 | ||
| 040 | _cEscola São Tomás de Aquino | ||
| 100 | _aSEVERINO, Estêvão Santos | ||
| 240 | 1 | 0 |
_aEnsinar e aprender com pesquisa no ensino médio _lpor |
| 245 | 1 | 0 | _aEnsinar e aprender com pesquisa no ensino médio |
| 300 | _a142 | ||
| 362 | 0 | _a2012 | |
| 440 | 1 | _aCortez | |
| 697 | _aEducação | ||
| 942 | _cBK | ||
| 999 |
_c156359 _d156359 |
||